000 01522nam a22003257a 4500
003 OSt
005 20260601103255.0
008 260601b |||||||| |||| 00| 0 eng d
040 _aFoundation University Library
_beng
_cFoundation University Library
_erda
050 _aGS (DocEd-Dis) LG 221 D35 G73
_bA6 E38 A36 1998 M38
100 _aMaturan, Alfredo G.
_eauthor
_95777
245 _aThe effects of the coastal resource management project as perceived and observed by coastal users and leaders /
_cby Alfredo G. Maturan.
260 _aDumaguete City :
_bFoundation University,
_c1998.
264 _41998.
300 _aiv, 273 leaves :
_billustrations ;
_c28 cm
_3dissertation
_fleaves
336 _3rdacontent
_atext
_btxt
337 _3rdamedia
_aunmediated
_bn
338 _3GS-DocEd-Diss
_avolume
_bnc
_2rdacarrier
490 _aGS-DocEd-Diss
502 _aGraduate dissertation (Doctor of Education) -- Foundation University, 1998.
504 _aIncludes bibliographical references and appendices.
650 _aCoastal zone management
_911891
650 _aMarine resources conservation.
_916893
650 _aCommunity development.
_913585
650 _aEnvironmental management. =
_916894
650 _aFisheries$xManagement.
_916895
650 _aSustainable development.
_95988
658 _aDissertation Writing 2 :
_bIndustrial Engineering, Bachelor of Science in ;
_cEDD 101 .
942 _2lcc
_cDS
_n0
_hLG 221 D35 G73
_iA6 E38 A36 1998 M38
_kGS (DocEd-Dis)
999 _c6201
_d6201